LEADER 01170nam a2200301 a 4500 001 000000127796 003 CaOOAMICUS 005 20120228092959.0 008 120228s2012 it u000 u ita r 020 $a978-88-308-1208-6 040 $aPUL$bita 082 04$a241 100 1 $aTamanti, Roberto,$cO.F.M. Conv.,$d1965-$0(OLS)http://pul/name/81590 245 10$aCorso di morale fondamentale /$cRoberto Tamanti. 260 $aAssisi :$bCittadella,$c2012. 300 $a357 p. ;$c21 cm. 490 1 $aTeologia.$aStrumenti 504 $aBibliografia: p. [339]-353 ed in nota. 650 4$aTeologia morale.$0(OLS)http://pul/subject/1500 830 0$aTeologia.$pStrumenti.$0(OLS)http://pul/title/45239 850 $aPUL 852 $aPUL$W1$xSL Religione 3$y85$m241 TAMRO 1$j147867$qDDC 21$B146481$CPULBib$Z2$F146481 $H119206 $82 941 1 $a9 996 $6020$a978-88-308-1208-6$9(OLS)http://pul/number/149015 996 $6082$a241$9(OLS)http://pul/classification/246 996 $6245$aCorso di morale fondamentale$9(OLS)http://pul/title/161492 996 $6260$aAssisi :$bCittadella$9(OLS)http://pul/publisher/49668 LEADER 01513nam a2200337 a 4500 001 000000158196 003 CaOOAMICUS 005 20170125163123.0 008 170125s2016 it 000 u ita r 020 $a978-88-17-09120-6* 032 $aLibriCat 040 $aPUL$bita 082 14$a252.6 100 0 $aFranciscus PP.,$d1936-2025.$0(OLS)http://pul/name/86295 245 10$aNei tuoi occhi è la mia parola : $bomelie e discorsi di Buenos Aires, 1999-2013 / $cJorge Mario Bergoglio - papa Francesco ; introduzione e cura di Antonio Spadaro. 260 $aMilano :$bRizzoli,$c©2016. 300 $ali, 995 p. ; $c24 cm. 600 04$aFranciscus PP.,$d1936-2025$xOmelie.$0(OLS)http://pul/subject/42646 700 1 $aSpadaro, Antonio,$cS.I.,$d1966-$0(OLS)http://pul/name/68245 850 $aPUL 852 $aPUL$W1$xSL Religione 3$y85$m252. 6 FRANC 1$j181533$qDDC 21$B184674$CPULBib$Z2$F184674 $H128726 $81 900 $aBergoglio, Jorge Mario$986295 900 $aFrancesco, papa,$d1936-$986295 910 $aPapi (2013-2025 : Franciscus)$986295 910 $aPapi (2013-2025 : Franciscus)$986295 941 1 $a9 996 $6020$a978-88-17-09120-6*$9(OLS)http://pul/number/161920 996 $6082$a252.6$9(OLS)http://pul/classification/3022 996 $6245$aNei tuoi occhi è la mia parola : $bomelie e discorsi di Buenos Aires, 1999-2013 / $9(OLS)http://pul/title/197815 996 $6260$aMilano :$bRizzoli$9(OLS)http://pul/publisher/48712